000 00644nam a22002172 4500
001 0000023998
005 20151217145945.0
008 130424s xx 000 0 eng d
020 _a0198065272 :
040 _aKABU
_cKABU
100 1 _aSingaravelavan, R.
_@0000183866
245 1 0 _aFood and beverage service /
_cR. Singaravelavan.
250 _a1st ed.
260 _aNew Delhi :
_bO. U. P.,
_c2011.
300 _axxiii, 683 p.
650 0 _aFood service management.
_@0000156551
650 0 _aBeverage industry.
_@0000183867
852 1 _9p2800 KES
908 _a130424
950 _@1
999 _c4464
_d4464